000 00739nam a2200253Ia 4500
003 OSt
005 20220925220455.0
006 a|||||r|||| 00| 0
007 ta
008 220923b |||||||| |||| 00| 0 eng d
020 _a0333347722
037 _cGeneral Book
040 _aRTL
_cRTL
_beng
041 _2eng
_aeng
082 _aX.1.N8, M2
100 _aBressand Albert
_9284878
245 0 _aRamses
_b The state of the world economy
260 _aLondon
_bMacmillan
_c1982
300 _a351p
_ccm.
490 _aFrench Institute for International Relations, annual report
650 _aEconomic Condition International
942 _hX.1.N8, M2
_cGB
_2CC
999 _c571595
_d571595